| 000 | 00893nam a2200217 4500 | ||
|---|---|---|---|
| 008 | 010814s1997 us 0 engYA | ||
| 020 | _a1850756791 | ||
| 090 |
_aBS1188 _bEa7e |
||
| 245 | 1 | 0 |
_aEarly Christian interpretations of the Scriptures of Israel : _binvestigations and proposals / _cedited by Craig A. Evans and James A. Sanders. |
| 260 |
_aEngland : _bSheffield Academic Press, _cc1997. |
||
| 300 | _a476 p. | ||
| 490 | 1 |
_aJournal for the study of the Old Testament supplement series; _v148 |
|
| 490 | 1 |
_aStudies in Scripture in early Judaism and Christianity; _v5 |
|
| 504 | _aBiblio. : pp. 443-446. | ||
| 650 | 4 |
_aBible. N.T. _xRelation to the Old Testament. |
|
| 650 | 4 |
_aBible. O.T. _xCriticism, interpretation, etc. |
|
| 700 | 1 | _aEvans, Craig A. | |
| 700 | 1 | _aSanders, James A. | |
| 950 | 0 | _95/44.50 | |
| 951 |
_p23880 _x00014488 _oBS1188/Ea7e _j070613110943781 _d2000-12-21 _cREF |
||
| 999 |
_c2794 _d2794 |
||